| 000 | 00423nam a2200121Ia 4500 | ||
|---|---|---|---|
| 008 | 200902s9999 xx 000 0 und d | ||
| 020 | _a978-621-406-096-2 | ||
| 100 | _aCamilar-Serrano, Angelita O. | ||
| 245 |
_cAngelita Ong Camilar-Serrano, Rolando L. Palad.-- _aMarketing Research / |
||
| 260 |
_aManila : _bMindshapers Co., Inc. _c2016 |
||
| 300 |
_ax , 288 pages : _billustrations ; _c26 cm. |
||
| 650 | _aMarketing research | ||
| 999 |
_c363956 _d363956 |
||